| 000 | 00752nam a2200241 i 4500 | ||
|---|---|---|---|
| 001 | 133519 | ||
| 003 | ES-MaACL | ||
| 005 | 20230906194432.0 | ||
| 007 | t| | ||
| 008 | 070820s1991 po ||||1| por d | ||
| 020 | _a927-27-0430-3 | ||
| 080 | _a94(469) | ||
| 100 | 0 |
_aMarques, A. H. de Oliveira. _976977 |
|
| 245 | 1 | 0 |
_aHistória de Portugal / _cA. H. de Oliveira Marques. |
| 260 |
_aLisboa : _bImprensa Nacional-Casa de la Moneda, _c[1991] |
||
| 300 |
_a167 p. ; _c21 cm. |
||
| 490 | 1 | _aSínteses da cultura portuguesa | |
| 500 | _aBiblioteca Jacinto Martínez Lacalle. | ||
| 610 |
_aPortugal- _xHistoria. _9219954 |
||
| 830 | 0 |
_aSínteses da cultura portuguesa _9219744 |
|
| 852 |
_aES-MaACL _jE-11965 _bR.139865 |
||
| 999 |
_c133519 _d133519 |
||